Top 50 Visited Roblox Games - Feb 2026 - Statistics

General Stats
  • This quiz has been taken 59 times
  • The average score is 11 of 50
Answer Stats
Hint Answer % Correct
2 Steal A Brainrot SAB
81%
5 Grow A Garden GAG
77%
1 Brookhaven
75%
4 Adopt Me
73%
3 Blox Fruits
52%
43 Natural Disaster Survival NDS
48%
10 Meepcity
42%
7 99 Nights In The Forest
40%
22 Doors
38%
15 Bloxburg
33%
16 Dress To Impress DTI
31%
19 Jailbreak
31%
8 MM2
31%
11 Piggy
29%
6 Tower Of Hell TOH
29%
29 Work At A Pizza Place WAAPP
29%
12 Rivals
27%
24 Arsenal
23%
39 Fisch
23%
30 Flee The Facility
19%
13 Bedwars
17%
28 Blade Ball
17%
42 Bee Swarm Simulator BSS
15%
41 Escape Tsunami For Brainrots
15%
38 Forsaken
15%
9 The Strongest Battlegrounds TSB
15%
27 Dandy’s World
13%
26 Dead Rails
13%
18 Evade
13%
50 Hide And Seek Extreme
13%
17 Pet Sim X
13%
14 Royale High
13%
46 King Legacy
8%
33 PLS Donate
8%
35 Tower Defense Simulator TDS
8%
32 Build A Boat For Treasure BABFT
6%
44 Fish It
6%
47 Jujitsu Shenanigans
6%
20 Berry Avenue
4%
34 Rainbow Friends
4%
48 Anime Defenders
2%
37 Blue Lock Rivals
2%
23 Catalog Avatar Creator
2%
36 Plants Vs Brainrots
2%
49 Slap Battles
2%
45 Tower Of Misery
2%
21 All Star Tower Defense
0%
40 Barry’s Prison Run
0%
31 Livetopia
0%
25 Toilet Tower Defense
0%
No matching quizzes found
Score Distribution
Percent of People with Each Score
Percentile by Number Answered
Your Score History
You have not taken this quiz